Statistics for Countries of North America with Two or More Words

Click here to take the quiz!

General Stats

  • This quiz has been taken 7 times
  • The average score is 7 of 9

Answer Stats

Answer% Correct
United States
100%
Saint Vincent and the Grenadines
100%
Antigua and Barbuda
86%
Saint Kitts and Nevis
86%
Trinidad and Tobago
86%
Costa Rica
71%
Dominican Republic
71%
El Salvador
71%
Saint Lucia
71%

Score Distribution

Percentile by Number Answered

Percent of People with Each Score

Your Score History

You have not taken this quiz